Education in the developing world : (Record no. 34362)

MARC details
000 -LEADER
fixed length control field 01040cam a2200289 a 4500
001 - CONTROL NUMBER
control field 1052607
003 - CONTROL NUMBER IDENTIFIER
control field OSt
005 - DATE AND TIME OF LATEST TRANSACTION
control field 20220405143938.0
008 - FIXED-LENGTH DATA ELEMENTS--GENERAL INFORMATION
fixed length control field 901018s1991 enkabf b 001 0 eng
010 ## - LIBRARY OF CONGRESS CONTROL NUMBER
LC control number 90021615
020 ## - INTERNATIONAL STANDARD BOOK NUMBER
International Standard Book Number 0582064317
040 ## - CATALOGING SOURCE
Original cataloging agency DLC
Transcribing agency hu
Modifying agency DLC
043 ## - GEOGRAPHIC AREA CODE
Geographic area code d------
-- n-usu--
050 00 - LIBRARY OF CONGRESS CALL NUMBER
Classification number LC2605
Item number .G69 1991
082 00 - DEWEY DECIMAL CLASSIFICATION NUMBER
Classification number 370.19
Edition number 20
100 2# - MAIN ENTRY--PERSONAL NAME
Personal name Graham-Brown, Sarah.
9 (RLIN) 35179
245 10 - TITLE STATEMENT
Title Education in the developing world :
Remainder of title conflict and crisis /
Statement of responsibility, etc. Sarah Graham-Brown.
260 ## - PUBLICATION, DISTRIBUTION, ETC.
Place of publication, distribution, etc. London ;
-- New York :
Name of publisher, distributor, etc. Longman,
Date of publication, distribution, etc. 1991
Date of manufacture (1996 printing)
300 ## - PHYSICAL DESCRIPTION
Extent xx, 332 p
Other physical details ill., maps ;
Dimensions 22 cm.
504 ## - BIBLIOGRAPHY, ETC. NOTE
Bibliography, etc. note Includes bibliographical references (p. [310]-323) and indexes.
650 #0 - SUBJECT ADDED ENTRY--TOPICAL TERM
Topical term or geographic name entry element Education
Geographic subdivision Developing countries.
9 (RLIN) 35180
650 #0 - SUBJECT ADDED ENTRY--TOPICAL TERM
Topical term or geographic name entry element Education
Geographic subdivision Southern States.
9 (RLIN) 35181
650 #0 - SUBJECT ADDED ENTRY--TOPICAL TERM
Topical term or geographic name entry element Educational equalization.
9 (RLIN) 35182
906 ## - LOCAL DATA ELEMENT F, LDF (RLIN)
a 7
b cbc
c orignew
d 1
e ocip
f 19
g y-gencatlg
942 ## - ADDED ENTRY ELEMENTS (KOHA)
Source of classification or shelving scheme Dewey Decimal Classification
Koha item type Books like text book referance book
Suppress in OPAC No
Holdings
Withdrawn status Lost status Source of classification or shelving scheme Damaged status Not for loan Collection code Home library Current library Shelving location Date acquired Total Checkouts Full call number Barcode Date last seen Copy number Price effective from Koha item type
    Dewey Decimal Classification     Reference Wondo Genet Library Wondo Genet Library General Stacks 04/05/2022   370.19 GRA 1991 WGCFNRL00018392 04/05/2022 1 04/05/2022 Books like text book referance book